[Event "PNWCC Online blitz JP 2nd"]
[Site "Chess.com INT"]
[Date "2020.03.21"]
[Round "8"]
[White "Zhu, Ryan"]
[Black "Vivekananthan, Anish"]
[Result "0-1"]
[WhiteElo "1349"]
[BlackElo "2239"]
[PlyCount "101"]
[EventDate "2020.03.21"]
[EventType "swiss (blitz)"]
[EventRounds "11"]
[EventCountry "USA"]
[SourceTitle "CBM 195 Extra"]
[Source "ChessBase"]
[SourceDate "2020.05.31"]
[SourceVersion "1"]
[SourceVersionDate "2020.05.31"]
[SourceQuality "1"]

1. e4 c5 2. Nf3 d6 3. d4 cxd4 4. Nxd4 Nf6 5. Nc3 g6 6. Be3 Bg7 7. f3 Nc6 8. Bc4 0-0 9. Qd2 Bd7 10. 0-0-0 Rc8 11. Bb3 Na5 12. Kb1 Nc4 13. Bxc4 Rxc4 14. g4 b5 15. b3 b4 16. bxc4 bxc3 17. Qxc3 Qc7 18. Ka1 Rc8 19. Rb1 h5 20. gxh5 Nxh5 21. Rhg1 Qxc4 22. Qxc4 Rxc4 23. Rbd1 Nf4 24. Kb1 Nh3 25. Rg3 Be5 26. Rg2 a5 27. Nf5 Kf8 28. Nd4 a4 29. Rgd2 Ke8 30. Rd3 f5 31. exf5 gxf5 32. Ne2 Rb4+ 33. Kc1 Bb5 34. Kd2 f4 35. Bg1 Bxd3 36. Kxd3 Rb2 37. Bd4 Rxa2 38. Bxe5 dxe5 39. Nc3 Ra3 40. Rd2 Ng5 41. Rd1 Nxf3 42. Kc4 Nd4 43. Nb1 Ra1 44. Kd5 Nxc2 45. Kxe5 f3 46. Ke4 a3 47. h4 a2 48. Nc3 Rxd1 49. Nxd1 a1Q 50. Nc3 Qxc3 51. Kf5 0-1